=LDR 00000nam 2200000 4500 =001 INLIS000000000015660 =005 20130612110932 =008 ***********************************Indo** =035 ##$$0010-061300000015660 =041 ##$$a Indo =082 ##$$a 028.5 =090 ##$$a 028.5, Bas j =100 ##$$a Basya, Abdurahman Ra'fat =245 ##$$a Jafar Bin Abi Thalib Dan Abdullah Bin Jahsyi, abdurrahman Ra'faat Basya,Penerjemah Hasan Edress =250 ##$$a Kisah Sahabat Nabi =260 ##$$a 1989 $b Bandung =300 ##$$a 40 hlm, ilus, 20 cm =650 ##$$a Bacaan Anak-Anak Terjemahan =700 ##$$a Penerjemah Hasan Edrus =850 ##$$a NBPNMAT